The lizard cage : a novel

Bibliographic Details
Main Author: Connelly, Karen, 1969-
Format: Book
Published: New York : Spiegel & Grau , 2005
Subjects:

MARC

LEADER 00000cam a2200000 7i4500
001 0000022504
005 20080731.0
008 080730
020 |a 0385525039 
090 0 0 |a CON   |b ENG 
100 0 |a Connelly, Karen, 1969- 
245 1 0 |a The lizard cage :   |b a novel   |c Karen Connelly 
260 |a New York :   |b Spiegel & Grau ,   |c 2005 
650 0 |a Friendship   |x Fiction 
650 0 |a Political prisoners   |z Burma   |x Fiction 
650 0 |z Burma   |x Fiction 
999 |a 0001036483   |b Book   |c Adult Collection   |e Perbadanan Perpustakaan Awam Johor